000 01882cam a2200265 a 4500
001 000036917
005 20240705073647.0
008 870925m1994 pr a s011 0 spa d
020 _a0847736814
040 _aDO-SdBNP
_bspa
_cBNPHU
100 1 _aHostos, Eugenio María de,
_d1839-1903
_91352
240 1 0 _aObras completas
245 1 0 _aCrítica /
_cEugenio María de Hostos ; edición revisada y anotada por Julio César López y Vivian Quiles Calderín, con la colaboración de Marcos Reyes Dávila ; prólogo por Marcos Reyes Dávila.
260 _aRío Piedras :
_bInstituto de Estudios Hostosianos :
_bInstituto de Cultura Puertorriqueña :
_bUniversidad de Puerto Rico,
_c1994.
300 _a539 p. :
_bil. ;
_c24 cm.
490 0 _aObras completas (edición crítica) ; vol. 1. Literatura ;
_vt. 3
504 _aIncluye bibliografías e índices.
505 0 _tLa crítica deicida de Hostos o la incandescencia de América /
_rpor Marcos Reyes Dávila. --
_tCrítica: conceptos y proyecciones. --
_tCrítica literaria de poesía. --
_tCrítica literaria de teatro. --
_tCrítica literaria de narrativa. --
_tCrítica diversa de pintura y escultura. --
_tCrítica diversa de música. --
_tBoceto sobre Plácido. --
_tDatos sobre Plácido. --
_tEl argumento de Bartrina. --
_tMoratín y goethe. --
_tAcerca de Hamlet /
_rpor Víctor Hugo; traducción y carta introductoria de Eugenio María de Hostos. --
_tFragmentos de Romeo y Julieta citados por Hostos.--
_tFragmentos de Hamlet citados por Hostos. --
_tUn crítico /
_restudios literarios por don Francisco Giner.
600 1 4 _aHOSTOS, EUGENIO MARÍA DE,
_d1865-1878
_xCOLECCIONES DE ESCRITOS
_963316
650 2 4 _aLiteratura puertorriqueña
_9250
650 2 4 _aCrítica literaria
_93141
700 1 _aLópez, Julio César,
_eed.
_99028
700 1 _aQuiles Calderín, Vivian,
_eed.
_99027
700 1 _aReyes Dávila, Marcos,
_epról.
_963317
999 _c36407
_d36407